00518nam a2200133 a 450000100100000000500170001000800410002704000250006808200160009310000210010924501370013026000890026730000280035600002779120200930031111.0110404s1987 dr a 000 0 spa d aDO-SdBNPbspacBNPHU axxxxbD725i1 aDottin, Milagros10aIndicadores sobre mujer y familia rurales en República Dominicana :bEncuesta Nacional de Mujeres Rurales 1985 /cMilagros Dottin. aSanto Domingo :bCentor de Investigación para la Acción Femenina (CIPAF),c1987. a150 p. :bil. ;c22 cm.